| 000 | 01187nam a22002775a 4500 | ||
|---|---|---|---|
| 003 | OSt | ||
| 005 | 20170418101119.0 | ||
| 008 | 170410s2014 ua frb 000 0 ara d | ||
| 015 | _a2013 / 16852 | ||
| 020 | _z97897773771 | ||
| 040 |
_aEG-ScBUE _bara _cEG-ScBUE |
||
| 043 | _af-ua--- | ||
| 082 | 0 | 4 |
_a345.620268 _bو ز ي _222 |
| 100 | 1 | _aوزير، عبد العظيم مرسي. | |
| 245 | 1 | 2 |
_aالمركز القانوني لحائز المنقول المتحصل من جرائم الأموال : _bدراسة تحليلية تأصيلية في ضوء العلاقة بين القانون الجنائي والقانون المدني / _cعبد العظيم مرسي وزير. |
| 250 | _aط. 3. | ||
| 260 |
_aالقاهرة : _bدار النهضة العربية، _c2014. |
||
| 300 |
_a309 ص. ؛ _c24 سم. |
||
| 504 | _aيشتمل على إرجاعات ببليوجرافية. | ||
| 650 | 7 |
_aجرائم الأموال _xقوانين وتشريعات _zمصر. _2BUEsh |
|
| 650 | 7 |
_aالقانون الجنائي _zمصر. _2BUEsh _941146 |
|
| 650 | 7 |
_aالأموال (قانون مدني) _zمصر. _2BUEsh |
|
| 651 | _2BUEsh | ||
| 653 |
_bLLAAWW _cApril2017 |
||
| 942 | _2ddc | ||
| 999 |
_c24651 _d24623 |
||